000 01520cam a22003974i 4500
003 PE-LiUPU
005 20250731184056.0
008 150623s r 000 0 d
020 _a0253207657
035 _a(Sirsi) i9780253207654
040 _aPE-LiUPU
_bspa
_cPE-LiUPU
_erda
049 _aPRUA
082 0 4 _a809.93522
_bB39
_221
100 1 _aBerlin, Adele,
_eautor.
245 1 4 _aThe dynamics of biblical parallelism /
_cAdele Berlin.
264 1 _aIndianapolis :
_bIndiana university press,
_c1992.
300 _a179 páginas ;
_c23 centímetros
336 _atext
_2rdacontent
337 _aunmediated
_2rdamedia
338 _avolume
_2rdacarrier
504 _aIncluye bibliografía.
505 0 _aParallelism and poetry. -The linguistic study of biblical parallelism. -The grammatical aspect. -The lexical and semantic aspects. -The phonologic aspect: Sound pairs. -Parallelism and the text.
526 _aP145
526 _aP127
526 _aP97
526 _aP14
526 _aP07
630 _aBiblia.
_pA.T.
_xLenguaje, estilo.
650 0 4 _aHebreo
_xParalelismo.
942 _2ddc
_cBOOK
949 _a809.93522 B39
_wDEWEY
_c1
_i43821
_lCCODEBUL1
_mBUL
_r0
_sY
_tBOOK
_u2015-6-24
_xTEOLOGIA
_PP35
_0COMPRA
_o.STAFF. Colección General
994 _aC0
_bPEPRU
596 _a1
999 _a809.93522 B39
_wDEWEY
_c20225
_i43821
_f2021-11-11
_g5
_lCCODEBUL1
_mBUL
_r0
_sY
_tBOOK
_u2015-6-24
_xTEOLOGIA
_PP35
_0COMPRA
_o.STAFF. Colección General
_d20225
980 _81
_gALBERTO SANCHEZ Responsable de Automatización